Agraharathil Kazhutha (Record no. 55121)

MARC details
000 -LEADER
fixed length control field 00467nam a2200145Ia 4500
008 - FIXED-LENGTH DATA ELEMENTS--GENERAL INFORMATION
fixed length control field 211109s9999||||xx |||||||||||||| ||und||
082 ## - DEWEY DECIMAL CLASSIFICATION NUMBER
Classification number 894.812
Item number SWA-A
100 ## - MAIN ENTRY--PERSONAL NAME
Personal name Swaminathan, Venkit
245 #0 - TITLE STATEMENT
Title Agraharathil Kazhutha
260 ## - PUBLICATION, DISTRIBUTION, ETC.
Name of publisher, distributor, etc. Niyogambooks
Place of publication, distribution, etc. Kochi
Date of publication, distribution, etc. 1998
300 ## - PHYSICAL DESCRIPTION
Extent 107
630 ## - SUBJECT ADDED ENTRY--UNIFORM TITLE
General subdivision General stack
650 ## - SUBJECT ADDED ENTRY--TOPICAL TERM
Topical term or geographic name entry element Literature & rhetoric
942 ## - ADDED ENTRY ELEMENTS (KOHA)
Koha item type BOOK
650 ## - SUBJECT ADDED ENTRY--TOPICAL TERM
Form subdivision Literatures of other languages
General subdivision Altaic, Uralic, Hyperborean & Dravidianmalayalam literature Malayalam
Holdings
Withdrawn status Lost status Source of classification or shelving scheme Damaged status Not for loan Home library Current library Date acquired Cost, normal purchase price Full call number Barcode Shelving location Date last seen Price effective from Koha item type
    Dewey Decimal Classification     SB LIBRARY SB LIBRARY 09/11/2021 60.00 894.8122 SWA-A 00097651 GENERAL STACK 09/11/2021 09/11/2021 BOOK

Powered by Koha